<?xml version="1.0" encoding="UTF-8"?>
<marc:record xmlns:marc="http://www.loc.gov/MARC21/slim">
   <marc:leader>00000nam a2200000 a 4500</marc:leader>
   <marc:datafield ind1="1" ind2=" " tag="100">
      <marc:subfield code="a">Janisch, Heinz</marc:subfield>
      <marc:subfield code="4">aut</marc:subfield>
      <marc:subfield code="e">Verfasser/-in</marc:subfield>
   </marc:datafield>
   <marc:datafield ind1="0" ind2="0" tag="245">
      <marc:subfield code="a">Die Schlacht von Karlawatsch</marc:subfield>
   </marc:datafield>
   <marc:datafield ind1="0" ind2="0" tag="245">
      <marc:subfield code="c">Heinz Janisch, Aljoscha Blau</marc:subfield>
   </marc:datafield>
   <marc:datafield ind1=" " ind2="1" tag="264">
      <marc:subfield code="a">Zürich</marc:subfield>
      <marc:subfield code="b">Atlantis</marc:subfield>
      <marc:subfield code="c">2018</marc:subfield>
   </marc:datafield>
   <marc:datafield ind1="1" ind2=" " tag="520">
      <marc:subfield code="a">Blauröcke und Rotröcke geraten in Streit. Feldherren auf beiden Seiten heizen die Auseinandersetzungen an, aber die verfeindeten Soldaten sorgen auf erstaunliche Weise dafür, dass niemand zu Schaden kommt. Ab 5. Etwas Blaubeereis tropft einem Hund aufs Fell. Das löst einen Streit aus. Der Streit weitet sich aus. Schon rücken die Heere vor, und ihre Feldherren schreien: »Vorwärts! Rückwärts! Los!«. Da fliegen Hüte zu den Gegnern. Die werfen zurück. Es folgen Rockknöpfe, schließlich Uniformen, und plötzlich stehen alle in Unterhosen da. Jetzt weiß niemand mehr, wer zu welchem Heer gehört. »Ich habe Hunger!«, ruft einer. »Ich auch, ich auch!«, tönt es von allen Seiten. Schon lockt der Geruch von Bratwurst und der Gedanke an die Liebsten zu Hause die Männer vom Schlachtfeld. Nur die Feldherren bleiben starr wie Denkmäler zurück. (Verlagstext)</marc:subfield>
   </marc:datafield>
   <marc:datafield ind1=" " ind2=" " tag="020">
      <marc:subfield code="a">9783715207353</marc:subfield>
      <marc:subfield code="9">9783715207353</marc:subfield>
   </marc:datafield>
   <marc:datafield ind1=" " ind2=" " tag="300">
      <marc:subfield code="a">32 ungezählte Seiten</marc:subfield>
   </marc:datafield>
</marc:record>
